| 000 | 00521nam a22001817a 4500 | ||
|---|---|---|---|
| 003 | CEME | ||
| 005 | 20210628202337.0 | ||
| 008 | 210120b xxu||||| |||| 00| 0 eng d | ||
| 020 | _a1-891121-16-2 | ||
| 040 | _cceme | ||
| 082 | _a621.3848 BIL | ||
| 100 |
_aBillingsley, J. Barrie _959437 |
||
| 245 | _aLow-angle radar land clutter ,measurements and empirical models | ||
| 260 |
_aNEW YORK _bIEE INSTITUTE _c2002 |
||
| 300 | _aXVII,705P | ||
| 650 |
_aRADAR INTERFERENCE . RADAR LAND CLUTTER _959438 |
||
| 942 |
_cBK _2ddc |
||
| 999 |
_c569421 _d569421 |
||